书目信息 |
| 题名: |
休闲与旅游研究方法
|
|
| 作者: | 维尔 著 ;聂小荣 , 丁丽军 译 | |
| 分册: | ||
| 出版信息: | 北京 中国人民大学出版社 2008.05 |
|
| 页数: | 349页 | |
| 开本: | 26cm | |
| 丛书名: | 工商管理经典译丛 | |
| 单 册: | ||
| 中图分类: | C913.3-3 , F590-3 | |
| 科图分类: | ||
| 主题词: | 休闲娱乐--研究方法 , 旅游--研究方法 | |
| 电子资源: | ||
| ISBN: | 978-7-300-09019-1 | |
| 000 | 01255oam2 2200325 450 | |
| 001 | 012004251942 | |
| 005 | 20091207094146.67 | |
| 010 | @a978-7-300-09019-1@dCNY48.00 | |
| 100 | @a20080618d2008 em y0chiy0110 ea | |
| 101 | 1 | @achi@ceng |
| 102 | @aCN@b110000 | |
| 105 | @aa z 000yy | |
| 106 | @ar | |
| 200 | 1 | @a休闲与旅游研究方法@9xiu xian yu lv you yan jiu fang fa@fA.J.维尔(A.J.Veal)著@g聂小荣,丁丽军译 |
| 210 | @a北京@c中国人民大学出版社@d2008.05 | |
| 215 | @a349页@c图表@d26cm | |
| 225 | 2 | @a工商管理经典译丛@i旅游管理系列 |
| 304 | @a书名原文:Research methods for leisure and tourism:a practical guid | |
| 305 | @a据原书第3版译出 | |
| 330 | @a系统而详尽地介绍了休闲与旅游研究理论与概念,阐释了各种定量与定性研究方法,包括最新版本的SPSS软件和NVivo软件的运用,以及如何收集、分析和利用原始或二手数据,并引用了大量的案例加以说明。最后,用一章的篇幅告诉读者如何撰写一份完整的研究报告。 | |
| 462 | 0 | @12001 @a旅游管理系列 |
| 606 | 0 | @a休闲娱乐@x研究方法 |
| 606 | 0 | @a旅游@x研究方法 |
| 690 | @aC913.3-3@v4 | |
| 690 | @aF590-3@v4 | |
| 701 | 0 | @a维尔@9wei er@c(Veal, A.J.)@4著 |
| 702 | 0 | @a聂小荣@9nie xiao rong@4译 |
| 702 | 0 | @a丁丽军@9ding li jun@4译 |
| 801 | 0 | @aCN@bNLC@c20091207 |
| 905 | @b20796511-16@dC913.3-3@e647@f6 | |
| 休闲与旅游研究方法/A.J.维尔(A.J.Veal)著/聂小荣,丁丽军译.-北京:中国人民大学出版社,2008.05 |
| 349页:图表;26cm.-(工商管理经典译丛.旅游管理系列) |
| ISBN 978-7-300-09019-1:CNY48.00 |
| 系统而详尽地介绍了休闲与旅游研究理论与概念,阐释了各种定量与定性研究方法,包括最新版本的SPSS软件和NVivo软件的运用,以及如何收集、分析和利用原始或二手数据,并引用了大量的案例加以说明。最后,用一章的篇幅告诉读者如何撰写一份完整的研究报告。 |
| ● |
| 相关链接 |
|
|
|
|
正题名:休闲与旅游研究方法
索取号:C913.3-3/647
 
预约/预借
| 序号 | 登录号 | 条形码 | 馆藏地/架位号 | 状态 | 备注 |
| 1 | 796511 | 207965111 | 第一样本阅览室/ [索取号:C913.3-3/647] | 在馆 | |
| 2 | 796512 | 207965120 | 第一借阅区/ [索取号:C913.3-3/647] | 在馆 | |
| 3 | 796513 | 207965139 | 第一借阅区/ [索取号:C913.3-3/647] | 在馆 | |
| 4 | 796514 | 207965148 | 第一借阅区/ [索取号:C913.3-3/647] | 在馆 | |
| 5 | 796515 | 207965157 | 第一借阅区/ [索取号:C913.3-3/647] | 在馆 | |
| 6 | 796516 | 207965166 | 密集书库-资源管理系/ [索取号:C913.3-3/647] | 在馆 |